000
00474nam a2200157Ia 4500
008
090711s9999 xx 000 0 und d
082
_b
38327
100
_a
खरे सुरेश
245
_a
सागर माझा प्राण
260
_c
1974
600
_a
खरे सुरेश
630
_a
सागर माझा प्राण
700
_a
खरे सुरेश
730
_a
सागर माझा प्राण
942
_c
BOOK
999
_c
303421
_d
303421